000
00293nam a2200121Ia 4500
008
191201s2010 xx 000 0 und d
100
_a
PANDEY,I.M.
245
0
_a
Financial Management MBA-2.21 DE SEM-2
260
_a
N. delhi
_b
Vikas Pub
_c
2010
300
_a
300
650
_a
MBA
942
_2
ddc
_c
BK
999
_c
246
_d
246